000 01329nam a2200397 i 4500
003 KOSZ 005
005 20220927100131.0
008 021009s2002 pl a f |000 0 pol
015 _aPB 2002/17522
020 _a8301137584
040 _aWA N
_cWA N
_dKOSZ 005/HR
041 0 _apol
046 _k2002
080 _a658.114.4(438:4-15:73)
080 _a657(438:4-15:73)
080 _a336.761(438:4-15:73)
100 1 _aAndrzejewski, Mariusz
_eAutor
245 1 0 _aRachunkowość a ujawnianie informacji przez spółki giełdowe /
_cMariusz Andrzejewski.
260 _aWarszawa :
_bWydawnictwo Naukowe PWN,
_c2002.
300 _a195, [1] s. :
_bil. ;
_c24 cm.
336 _2rdacontent
_aTekst
_btxt
337 _2rdamedia
_aBez urządzenia pośredniczącego
_bn
338 _2rdacarrier
_aWolumin
_bnc
380 _aKsiążki
388 _a2001-
504 _aBibliogr.
650 4 _aInformacja gospodarcza
650 4 _aSpółki giełdowe
650 4 _aRachunkowość
651 7 _aEuropa Zachodnia
651 7 _aStany Zjednoczone (USA)
658 _aGospodarka, ekonomia, finanse
710 2 _aWydawnictwo Naukowe PWN
_4pbl.
856 _uhttp://koha.tu.koszalin.pl/cgi-bin/koha/opac-detail.pl?biblionumber=43325
_yKatalog online BPK
942 _2UKD
_cKS
999 _c43325
_d43325